La villa de Montealegre y su Cerro de los Santos / (Record no. 129788)

MARC details
000 -LEADER
campo de control de longitud fija 00692nam a2200181 i 4500
001 - NÚMERO DE CONTROL
campo de control 129788
003 - IDENTIFICADOR DE NÚMERO DE CONTROL
campo de control ES-MaACL
005 - FECHA Y HORA DE LA ÚLTIMA TRANSACCIÓN
campo de control 20230906193557.0
007 - CAMPO FIJO DE DESCRIPCIÓN FÍSICA--INFORMACIÓN GENERAL
campo de control de longitud fija t|
008 - DATOS DE LONGITUD FIJA--INFORMACIÓN GENERAL
campo de control de longitud fija 070705s1915 sp ||||1| spa d
100 1# - ENTRADA PRINCIPAL--NOMBRE DE PERSONA
Nombre de persona Zuazo y Palacios, Julián.
9 (RLIN) 118387
245 13 - MENCIÓN DEL TÍTULO
Título La villa de Montealegre y su Cerro de los Santos /
Mención de responsabilidad, etc. por Julián Zuazo y Palacios ; prólogo de Rodrigo Amador de los Ríos.
260 ## - PUBLICACIÓN, DISTRIBUCIÓN, ETC.
Lugar de publicación, distribución, etc. Madrid :
Nombre del editor, distribuidor, etc. Hijos de Gómez Fuentenebro,
Fecha de publicación, distribución, etc. 1915.
300 ## - DESCRIPCIÓN FÍSICA
Extensión XII, 222 p. :
Otras características físicas il. ;
Dimensiones 18 cm.
651 #4 - PUNTO DE ACCESO ADICIONAL DE MATERIA--NOMBRE GEOGRÁFICO
Nombre geográfico Cerro de los Santos (Albacete)-
Subdivisión general Excavaciones arqueológicas.
9 (RLIN) 8030
700 1# - ENTRADA AGREGADA--NOMBRE PERSONAL
Nombre de persona Amador de los Ríos y Fernández de Villalta, Rodrigo.
9 (RLIN) 149674
852 ## - LOCALIZACIÓN
Ubicación ES-MaACL
Número de control de estantería G-482
Holdings
Estatus retirado Estado de pérdida Estado de daño No para préstamo Biblioteca de origen Biblioteca actual Ubicación en estantería Fecha de adquisición Fuente de adquisición Total de préstamos Signatura topográfica completa Código de barras Visto por última vez Precio de reemplazo Tipo de ítem Koha
        Biblioteca del Ateneo de Madrid Biblioteca del Ateneo de Madrid Depósito 2 17/01/2008     G-482 1135143 23/02/2023 23/02/2023 Libro impreso